000 00569nam a22001937a 4500
003 NUST
005 20230311104626.0
008 190730b ||||| |||| 00| 0 eng d
038 _aMr. Noman
082 _a658
100 _aShahzad, Muhammad Asad
_918852
245 _aWhat is "Sustainability" in Sustainable supply chain Management (SSCM)?
_cMuhammad Asad Shahzad.
260 _aIslamabad:
_bNBS - NUST,
_c2015.
300 _a87 p.: ill.;
_c30cm.
500 _aHardcover.
650 _aMBA Thesis.
_917629
700 _aKamran Khalid.
_918195
942 _2ddc
_cTHE
999 _c527535
_d527535